[Event "Arab-ch (Women)"]
[Site "Dubai"]
[Date "2018.12.04"]
[Round "8"]
[White "Latreche, Sabrina"]
[Black "Nabaa Sami, Abbas Al Attra"]
[Result "1-0"]
[WhiteElo "2046"]
[BlackElo "1820"]
[PlyCount "62"]
[EventDate "2018.11.28"]
[EventType "swiss"]
[EventRounds "9"]
[EventCountry "UAE"]
[SourceTitle "CBM 187 Extra"]
[Source "ChessBase"]
[SourceDate "2018.11.04"]
[SourceVersion "1"]
[SourceVersionDate "2018.11.04"]
[SourceQuality "1"]

1. b3 Nf6 2. Bb2 e6 3. Nf3 d5 4. e3 c5 5. d4 Be7 6. Bd3 Nc6 7. a3 0-0 8. 0-0 Rb8 9. Qe2 a6 10. Nbd2 h6 11. c4 dxc4 12. bxc4 Re8 13. Rfd1 Qc7 14. Rac1 b6 15. Bb1 Nd7 16. d5 exd5 17. cxd5 Nce5 18. Nxe5 Nxe5 19. Bxe5 Qxe5 20. Nc4 Qg5 21. d6 b5 22. Nb2 Bg4 23. f3 Bxd6 24. fxg4 Rxe3 25. Qf2 Bxh2+ 26. Kxh2 Qe5+ 27. Kh1 Re2 28. Nd3 Qe7 29. Qg3 Re8 30. Re1 Qg5 31. Rxe2 Qd8 1-0

[Event "Arab-ch (Women)"]
[Site "Dubai"]
[Date "2018.11.29"]
[Round "2"]
[White "Latreche, Sabrina"]
[Black "Razan, Alshaeby"]
[Result "1-0"]
[WhiteElo "2046"]
[BlackElo "1769"]
[PlyCount "107"]
[EventDate "2018.11.28"]
[EventType "swiss"]
[EventRounds "9"]
[EventCountry "UAE"]
[SourceTitle "CBM 187 Extra"]
[Source "ChessBase"]
[SourceDate "2018.11.04"]
[SourceVersion "1"]
[SourceVersionDate "2018.11.04"]
[SourceQuality "1"]

1. e4 d5 2. exd5 Nf6 3. d4 Nxd5 4. Nf3 g6 5. c4 Nb6 6. h3 Bg7 7. Nc3 0-0 8. Be3 Nc6 9. Rc1 e5 10. d5 Ne7 11. Qd2 Nf5 12. c5 Nd7 13. Bc4 Nxe3 14. Qxe3 b6 15. c6 Nc5 16. b4 e4 17. Nd4 Nd3+ 18. Bxd3 exd3 19. 0-0 Qh4 20. f4 Ba6 21. b5 Rae8 22. Qxd3 Bc8 23. Nce2 Re7 24. Nf3 Qf6 25. Qd2 Qd6 26. Ng3 Rfe8 27. Rc4 Qa3 28. Rd1 Bxh3 29. Rc2 Bg4 30. Qd3 Re1+ 31. Kf2 Qxd3 32. Rxd3 Rb1 33. Rb3 Rd1 34. Ra3 Rxd5 35. Rxa7 Rxb5 36. Rxc7 Bf8 37. Ne2 Bc5+ 38. Kg3 Bf5 39. Rd2 Be3 40. Ned4 Rc5 41. Re2 Bd3 42. Re1 g5 43. fxg5 Re4 44. Rc8+ Kg7 45. Nf5+ Rxf5 46. Rd8 Bc4 47. c7 Be6 48. c8Q Bxc8 49. Rxc8 Bf4+ 50. Kg4 Bd6+ 51. Rxe4 Ra5 52. Rc2 Kg6 53. Nh4+ Kg7 54. Nf5+ 1-0